[Event "Cto. FACV Ind. Segunda Alzira 2014"]
[Site "Alzira ESP"]
[Date "2014.10.25"]
[Round "4.1"]
[White "Heras Melia, Angel"]
[Black "Dominguez Gandia, Jose Miguel"]
[Result "1/2-1/2"]
[WhiteElo "1827"]
[BlackElo "1560"]
[PlyCount "113"]
[EventDate "2014.09.27"]
[EventType "swiss"]
[EventRounds "7"]
[EventCountry "ESP"]
[Source "lmi"]
[SourceDate "2014.09.27"]

1. e4 e5 2. Nf3 Nc6 3. Bb5 d6 4. c3 g6 5. d4 a6 6. Ba4 b5 7. Bb3 Na5 8. Bc2 f6
9. Nbd2 Bg7 10. a4 c6 11. Qe2 Be6 12. O-O Ne7 13. Rd1 O-O 14. Nf1 Qc7 15. Ne3
Rab8 16. h3 Kh8 17. Ne1 f5 18. exf5 Nxf5 19. Nf3 exd4 20. Nxf5 Bxf5 21. Nxd4
Rfe8 22. Be3 Bxc2 23. Qxc2 Nc4 24. axb5 axb5 25. Bg5 Bxd4 26. Rxd4 Re6 27. b3
Ne5 28. Rad1 Nf7 29. Bf4 Rbe8 30. c4 g5 31. Bg3 h5 32. h4 Qe7 33. Qc3 Kg8 34.
Qd3 Ne5 35. Bxe5 dxe5 36. Rd7 e4 37. Rxe7 exd3 38. Rxe8+ Rxe8 39. Rxd3 Re5 40.
hxg5 Rxg5 41. Kh2 Rc5 42. cxb5 cxb5 43. Kh3 Kg7 44. Kg3 Kg6 45. f4 Kf5 46. Rf3
b4 47. Re3 Rc3 48. Kf3 h4 49. Rxc3 bxc3 50. Ke3 c2 51. Kd2 Kxf4 52. b4 Kg3 53.
b5 Kxg2 54. b6 h3 55. b7 h2 56. b8=Q h1=Q 57. Kxc2 1/2-1/2

[Event "Cto. FACV Ind. Segunda Alzira 2014"]
[Site "Alzira ESP"]
[Date "2014.10.25"]
[Round "4.2"]
[White "Pallas Moragues, Gerard"]
[Black "Linares Carrasquer, Jordi"]
[Result "1-0"]
[WhiteElo "1389"]
[BlackElo "1525"]
[PlyCount "55"]
[EventDate "2014.09.27"]
[EventType "swiss"]
[EventRounds "7"]
[EventCountry "ESP"]
[Source "lmi"]
[SourceDate "2014.09.27"]

1. e4 e6 2. d3 d5 3. Nd2 Nf6 4. Ngf3 Bc5 5. h3 O-O 6. g3 b6 7. Bg2 Bb7 8. e5
Nfd7 9. O-O f6 10. d4 Be7 11. exf6 Bxf6 12. Re1 Qe7 13. h4 c5 14. c3 Nc6 15.
Nb3 c4 16. Nbd2 e5 17. dxe5 Ncxe5 18. Nxe5 Nxe5 19. Nf3 Qd6 20. Bf4 Rae8 21.
Qd2 Rf7 22. Rad1 Nxf3+ 23. Bxf3 Rxe1+ 24. Rxe1 Qd8 25. Bg4 d4 26. cxd4 Qxd4 27.
Re8+ Rf8 28. Be6+ 1-0

[Event "Cto. FACV Ind. Segunda Alzira 2014"]
[Site "Alzira ESP"]
[Date "2014.10.25"]
[Round "4.3"]
[White "Mira Barea, Aaron"]
[Black "Garcia Garcia, Alfonso"]
[Result "1/2-1/2"]
[WhiteElo "1222"]
[BlackElo "1551"]
[PlyCount "86"]
[EventDate "2014.09.27"]
[EventType "swiss"]
[EventRounds "7"]
[EventCountry "ESP"]
[Source "lmi"]
[SourceDate "2014.09.27"]

1. c4 e5 2. g3 Nf6 3. Bg2 Nc6 4. Nc3 Be7 5. e3 O-O 6. Nge2 d6 7. O-O Be6 8. b3
Qd7 9. Bb2 Bh3 10. d4 Bxg2 11. Kxg2 exd4 12. exd4 Rfe8 13. Re1 Qf5 14. Nf4 Nd7
15. Ncd5 Rac8 16. Nxe7+ Nxe7 17. Qd2 Ng6 18. Rxe8+ Rxe8 19. Nxg6 Qxg6 20. Re1
Rxe1 21. Qxe1 Qc2 22. Qc1 Qxc1 23. Bxc1 f5 24. Bg5 h6 25. Be3 Nf6 26. f3 Kf7
27. h3 Ke6 28. g4 b6 29. Kg3 g5 30. Bd2 c5 31. d5+ Kf7 32. gxf5 Nd7 33. f4 Nf6
34. Kf3 Nh7 35. Bc1 Ke7 36. fxg5 hxg5 37. Kg4 Kf6 38. Bb2+ Kf7 39. Kh5 Nf6+ 40.
Kxg5 Ne4+ 41. Kf4 Nf2 42. Kg3 Nd3 43. Ba3 Kf6 1/2-1/2

[Event "Cto. FACV Ind. Segunda Alzira 2014"]
[Site "Alzira ESP"]
[Date "2014.10.25"]
[Round "4.4"]
[White "Lopez Shukina, Diego"]
[Black "Tormo Talens, Miguel"]
[Result "1/2-1/2"]
[WhiteElo "1372"]
[BlackElo "1301"]
[PlyCount "44"]
[EventDate "2014.09.27"]
[EventType "swiss"]
[EventRounds "7"]
[EventCountry "ESP"]
[Source "lmi"]
[SourceDate "2014.09.27"]

1. d4 Nf6 2. c4 e6 3. Nc3 Bb4 4. Bd2 O-O 5. Nf3 Bxc3 6. Bxc3 b6 7. e3 Bb7 8.
Bd3 d5 9. O-O dxc4 10. Bxc4 Ne4 11. Bb4 Re8 12. Nd2 Qh4 13. Nxe4 Qxe4 14. f3
Qxe3+ 15. Kh1 c5 16. dxc5 bxc5 17. Bc3 Na6 18. Qd7 Rab8 19. Rfe1 Qh6 20. Be5
Red8 21. Qe7 Re8 22. Qd7 Red8 1/2-1/2

[Event "Cto. FACV Ind. Segunda Alzira 2014"]
[Site "Alzira ESP"]
[Date "2014.11.08"]
[Round "5.1"]
[White "Iborra Fabra, Ramon"]
[Black "Dominguez Gandia, Jose Miguel"]
[Result "1-0"]
[WhiteElo "1352"]
[BlackElo "1560"]
[PlyCount "81"]
[EventDate "2014.09.27"]
[EventType "swiss"]
[EventRounds "7"]
[EventCountry "ESP"]
[Source "lmi"]
[SourceDate "2014.09.27"]

1. e4 e5 2. Nf3 Nc6 3. Bb5 d6 4. O-O a6 5. Ba4 b5 6. Bb3 Bg4 7. c3 h6 8. d3 Nf6
9. Nbd2 Be7 10. Re1 O-O 11. Nf1 Re8 12. h3 Bh5 13. Ng3 Bg6 14. Nh2 a5 15. Ng4
a4 16. Nxf6+ Bxf6 17. Bc2 Bh4 18. Qg4 Kh7 19. f4 exf4 20. Bxf4 Ne5 21. Bxe5
Rxe5 22. Re3 h5 23. Qe2 Qe8 24. d4 Re7 25. Rf1 Bg5 26. Ref3 h4 27. Nf5 Bh5 28.
Nxe7 Qxe7 29. e5+ Kg8 30. Qe4 Bg6 31. Qxa8+ Kh7 32. Bxg6+ Kxg6 33. Qe4+ Kh6 34.
Rxf7 Qe6 35. d5 Qe8 36. e6 Qd8 37. e7 Qe8 38. Qe6+ Kh7 39. Qf5+ Kh6 40. Re1 Bf6
41. Rf8 1-0

[Event "Cto. FACV Ind. Segunda Alzira 2014"]
[Site "Alzira ESP"]
[Date "2014.11.08"]
[Round "5.2"]
[White "Heras Melia, Angel"]
[Black "Pallas Moragues, Gerard"]
[Result "1-0"]
[WhiteElo "1827"]
[BlackElo "1389"]
[PlyCount "65"]
[EventDate "2014.09.27"]
[EventType "swiss"]
[EventRounds "7"]
[EventCountry "ESP"]
[Source "lmi"]
[SourceDate "2014.09.27"]

1. e4 e5 2. Nf3 Nc6 3. Bb5 a6 4. Ba4 Nf6 5. O-O Be7 6. d3 b5 7. Bb3 O-O 8. Nbd2
d6 9. c3 Na5 10. Bc2 c5 11. Re1 Re8 12. Nf1 Qc7 13. Ng3 Bf8 14. Bg5 Be7 15. Nh4
Nc6 16. Nhf5 Bd8 17. Qd2 Nd7 18. Bxd8 Qxd8 19. Nxd6 Re6 20. Ngf5 Nf6 21. Qg5 g6
22. Nh6+ Kf8 23. Nhxf7 Qc7 24. Nxc8 Rxc8 25. Nh6 Qe7 26. Re3 Ke8 27. Bb3 Rd6
28. Nf7 Rd7 29. Rf3 Ng8 30. Qg4 Rdc7 31. Qh3 Nf6 32. Qh4 Ng8 33. Qxh7 1-0

[Event "Cto. FACV Ind. Segunda Alzira 2014"]
[Site "Alzira ESP"]
[Date "2014.11.08"]
[Round "5.3"]
[White "Garcia Garcia, Alfonso"]
[Black "Lopez Shukina, Diego"]
[Result "0-1"]
[WhiteElo "1551"]
[BlackElo "1372"]
[PlyCount "70"]
[EventDate "2014.09.27"]
[EventType "swiss"]
[EventRounds "7"]
[EventCountry "ESP"]
[Source "lmi"]
[SourceDate "2014.09.27"]

1. d4 d5 2. c4 e6 3. Nc3 Nf6 4. Nf3 Nbd7 5. e3 b6 6. Bd3 Bd6 7. e4 dxe4 8. Nxe4
Bb4+ 9. Nc3 Bb7 10. Bg5 O-O 11. O-O Be7 12. Re1 c5 13. Be3 Qc7 14. dxc5 Nxc5
15. Bxc5 Bxc5 16. Ne4 Nxe4 17. Bxe4 Rfd8 18. Qe2 Bxe4 19. Qxe4 Rac8 20. b3 Bb4
21. Re2 Bc3 22. Rc1 Bf6 23. h3 h6 24. Rec2 Qd6 25. Qb7 Rc7 26. Qe4 Qb4 27. Ne5
Qd6 28. Nf3 Qc5 29. Kh1 Rcd7 30. Qe1 Rd3 31. b4 Qc6 32. Rd2 Rxd2 33. Nxd2 Bg5
34. Rc2 Bxd2 35. Qd1 Bg5 0-1

[Event "Cto. FACV Ind. Segunda Alzira 2014"]
[Site "Alzira ESP"]
[Date "2014.11.08"]
[Round "5.4"]
[White "Linares Carrasquer, Jordi"]
[Black "Mira Barea, Aaron"]
[Result "1/2-1/2"]
[WhiteElo "1525"]
[BlackElo "1222"]
[PlyCount "72"]
[EventDate "2014.09.27"]
[EventType "swiss"]
[EventRounds "7"]
[EventCountry "ESP"]
[Source "lmi"]
[SourceDate "2014.09.27"]

1. e4 e5 2. Nf3 Nc6 3. d4 exd4 4. Nxd4 Bc5 5. Be3 Nxd4 6. Bxd4 Bxd4 7. Qxd4 Qf6
8. e5 Qe7 9. Be2 f6 10. exf6 Nxf6 11. Nc3 d6 12. O-O Bd7 13. Rfe1 O-O 14. Qc4+
Be6 15. Qb4 c5 16. Qa4 Qd7 17. Bb5 Qf7 18. Ne4 Nxe4 19. Rxe4 Qxf2+ 20. Kh1 Bd7
21. Qc4+ Qf7 22. Bxd7 d5 23. Be6 Qxe6 24. Rxe6 dxc4 25. Kg1 Rfe8 26. Rae1 Kf7
27. R6e4 Rxe4 28. Rxe4 b5 29. a4 Re8 30. Rf4+ Ke6 31. axb5 Rb8 32. Rxc4 Rxb5
33. b3 Kd5 34. Ra4 Ke5 35. Rxa7 Kd4 36. Ra4+ Rb4 1/2-1/2

[Event "Cto. FACV Ind. Segunda Alzira 2014"]
[Site "Alzira ESP"]
[Date "2014.11.15"]
[Round "6.1"]
[White "Iborra Fabra, Ramon"]
[Black "Heras Melia, Angel"]
[Result "0-1"]
[WhiteElo "1352"]
[BlackElo "1827"]
[PlyCount "106"]
[EventDate "2014.09.27"]
[EventType "swiss"]
[EventRounds "7"]
[EventCountry "ESP"]

1. e4 c5 2. Nc3 d6 3. g3 Nf6 4. Bg2 Nc6 5. d3 g6 6. Be3 Bg7 7. Nge2 Rb8 8. a4
O-O 9. O-O a6 10. Nf4 b5 11. axb5 axb5 12. Rb1 Bd7 13. Nfd5 b4 14. Nxf6+ Bxf6
15. Nd5 Bg7 16. Qd2 e6 17. Nf4 Ne5 18. h3 c4 19. Ne2 Bb5 20. Nd4 cxd3 21. Nxb5
dxc2 22. Qxc2 Rxb5 23. Bd4 Qc8 24. Qe2 Qc4 25. Qxc4 Nxc4 26. Bxg7 Kxg7 27. Rfd1
Rd8 28. Bf1 Rc5 29. Rd4 d5 30. b3 e5 31. Rxd5 Rcxd5 32. exd5 Nd2 33. Rb2 Rxd5
34. Bc4 Rd4 35. Ra2 Nxc4 36. bxc4 Rxc4 37. Rb2 Kf6 38. Rb3 Ke6 39. Kf1 Kd5 40.
Ke2 Kc5 41. f3 Rd4 42. Ke3 Kc4 43. Rb1 b3 44. Rc1+ Kb4 45. f4 Rc4 46. Rb1 exf4+
47. gxf4 Rc3+ 48. Kd4 Rxh3 49. Rc1 b2 50. Rb1 Kb3 51. Re1 Rh2 52. Re3+ Ka2 53.
Re7 b1=Q 0-1

[Event "Cto. FACV Ind. Segunda Alzira 2014"]
[Site "Alzira ESP"]
[Date "2014.11.15"]
[Round "6.2"]
[White "Dominguez Gandia, Jose Miguel"]
[Black "Tormo Talens, Miguel"]
[Result "1-0"]
[WhiteElo "1560"]
[BlackElo "1301"]
[PlyCount "49"]
[EventDate "2014.09.27"]
[EventType "swiss"]
[EventRounds "7"]
[EventCountry "ESP"]

1. d4 e6 2. c4 b6 3. e4 Bb7 4. Nc3 Bb4 5. f3 Qh4+ 6. g3 Qd8 7. Bd3 Ne7 8. Nge2
d5 9. O-O f6 10. Qb3 Bxc3 11. bxc3 Ng6 12. Ba3 c6 13. Rae1 Qc7 14. exd5 cxd5
15. cxd5 Bxd5 16. c4 Bb7 17. Bxg6+ hxg6 18. Nf4 e5 19. Nxg6 Rh6 20. Qb4 Kf7 21.
Nh4 a5 22. Qf8+ Ke6 23. Qg8+ Qf7 24. d5+ Bxd5 25. cxd5+ 1-0

[Event "Cto. FACV Ind. Segunda Alzira 2014"]
[Site "Alzira ESP"]
[Date "2014.11.15"]
[Round "6.3"]
[White "Lopez Shukina, Diego"]
[Black "Mira Barea, Aaron"]
[Result "1-0"]
[WhiteElo "1372"]
[BlackElo "1222"]
[PlyCount "69"]
[EventDate "2014.09.27"]
[EventType "swiss"]
[EventRounds "7"]
[EventCountry "ESP"]

1. d4 d5 2. c4 c6 3. Nc3 Nf6 4. Bg5 e6 5. e3 Be7 6. Nf3 h6 7. Bf4 Nbd7 8. Bd3
b6 9. O-O g6 10. e4 dxe4 11. Nxe4 Nxe4 12. Bxe4 Bb7 13. Rc1 Nf6 14. Bc2 Rc8 15.
Ne5 c5 16. Ba4+ Kf8 17. dxc5 Bxc5 18. Nd7+ Nxd7 19. Bxd7 Ra8 20. Bd6+ Bxd6 21.
Qxd6+ Qe7 22. Qc7 Rd8 23. Qxb7 Qxd7 24. Qf3 Ke7 25. Rfd1 Qc7 26. Qa3+ Qc5 27.
Qxa7+ Kf6 28. h3 Rxd1+ 29. Rxd1 Qxc4 30. Qxb6 Qxa2 31. Qd4+ e5 32. Qb6+ Kg5 33.
Qe3+ Kf6 34. Rd6+ Kf5 35. g4# 1-0

[Event "Cto. FACV Ind. Segunda Alzira 2014"]
[Site "Alzira ESP"]
[Date "2014.11.22"]
[Round "7.1"]
[White "Tormo Talens, Miguel"]
[Black "Heras Melia, Angel"]
[Result "0-1"]
[WhiteElo "1301"]
[BlackElo "1827"]
[PlyCount "86"]
[EventDate "2014.09.27"]
[EventType "swiss"]
[EventRounds "7"]
[EventCountry "ESP"]

1. d4 Nf6 2. c4 c5 3. d5 b5 4. b3 bxc4 5. bxc4 d6 6. Qc2 g6 7. e4 Bg7 8. Bb2
Nbd7 9. Nd2 O-O 10. Ngf3 Rb8 11. Rb1 Qc7 12. g3 Ba6 13. Bg2 Rb6 14. O-O Rfb8
15. Nb3 Rb4 16. Nfd2 Bc8 17. Rfe1 a5 18. Bc3 a4 19. Bxb4 axb3 20. axb3 Rxb4 21.
Ra1 Bh6 22. Nf3 Qb8 23. Rab1 Ng4 24. Bh3 Nge5 25. Bg2 Nxf3+ 26. Bxf3 Ne5 27.
Bg2 Bg4 28. h3 Bf3 29. Qc3 Bxg2 30. Kxg2 Bg7 31. Qc2 Nd7 32. h4 Bd4 33. Rh1 Nf6
34. f3 Rb7 35. Rhd1 Ra7 36. b4 Qa8 37. b5 Ra2 38. Rd2 Rxc2 39. Rxc2 Qa4 40. Re2
Qxc4 41. Kf1 Nh5 42. Ke1 Nxg3 43. b6 Qxe2# 0-1

[Event "Cto. FACV Ind. Segunda Alzira 2014"]
[Site "Alzira ESP"]
[Date "2014.11.22"]
[Round "7.2"]
[White "Dominguez Gandia, Jose Miguel"]
[Black "Lopez Shukina, Diego"]
[Result "0-1"]
[WhiteElo "1560"]
[BlackElo "1372"]
[PlyCount "110"]
[EventDate "2014.09.27"]
[EventType "swiss"]
[EventRounds "7"]
[EventCountry "ESP"]

1. d4 d5 2. c4 e6 3. Nc3 Nf6 4. Bg5 Be7 5. Nf3 O-O 6. e3 h6 7. Bh4 Nbd7 8. h3
b6 9. Bd3 Bb7 10. O-O a6 11. Rc1 c5 12. Re1 Rc8 13. Nd2 dxc4 14. Nxc4 b5 15.
Nd2 e5 16. dxe5 Nxe5 17. Bf5 Rc7 18. Bg3 Bd6 19. Kh1 Nd3 20. Bxd3 Bxg3 21. Nde4
Nxe4 22. Nxe4 Bxe4 23. Bxe4 Bxf2 24. Bh7+ Kh8 25. Re2 Qxd1+ 26. Rxd1 Bxe3 27.
Be4 Bd4 28. b4 Re7 29. Bf3 Rxe2 30. Bxe2 Re8 31. Bf3 Bf2 32. bxc5 Bxc5 33. Rd5
Bb6 34. Rd7 Kg8 35. Bd5 Re1+ 36. Kh2 Rf1 37. Rb7 Rf6 38. Be4 g6 39. Bd5 Kg7 40.
Bb3 Bd4 41. h4 Be5+ 42. Kh3 h5 43. Bd5 Rf1 44. g3 Rf5 45. Bb3 Rf3 46. Kg2 Rf6
47. Rd7 Kf8 48. Rd2 Rd6 49. Rc2 Rd3 50. Re2 Rxg3+ 51. Kf2 f6 52. Rxe5 Rxb3 53.
Re2 Rb4 54. Kg3 Rg4+ 55. Kh3 Kf7 0-1

[Event "Cto. FACV Ind. Segunda Alzira 2014"]
[Site "Alzira ESP"]
[Date "2014.11.22"]
[Round "7.3"]
[White "Pallas Moragues, Gerard"]
[Black "Iborra Fabra, Ramon"]
[Result "1-0"]
[WhiteElo "1389"]
[BlackElo "1352"]
[PlyCount "49"]
[EventDate "2014.09.27"]
[EventType "swiss"]
[EventRounds "7"]
[EventCountry "ESP"]

1. e4 d6 2. d4 Nf6 3. Nc3 g6 4. f3 c6 5. Be3 Nbd7 6. Qd2 b5 7. g4 Bb7 8. O-O-O
e5 9. Kb1 Qc7 10. g5 Nh5 11. Nh3 Bg7 12. dxe5 Nxe5 13. Ng1 Ke7 14. h3 Rad8 15.
f4 Nc4 16. Bxc4 bxc4 17. Nf3 d5 18. exd5 cxd5 19. Nd4 a6 20. Rhf1 Bc8 21. f5
Ng3 22. f6+ Bxf6 23. gxf6+ Ke8 24. Rde1 Bxh3 25. Bf4+ 1-0

[Event "Cto. FACV Ind. Segunda Valencia 2014"]
[Site "Valencia ESP"]
[Date "2014.09.27"]
[Round "1.1"]
[White "Ochando Casany, Marc"]
[Black "Mena Pardo, Susana"]
[Result "1-0"]
[WhiteElo "1732"]
[BlackElo "1089"]
[PlyCount "47"]
[EventDate "2014.09.27"]
[EventType "swiss"]
[EventRounds "7"]
[EventCountry "ESP"]
[Source "lmi"]
[SourceDate "2014.09.27"]

1. d4 d5 2. Nf3 Nc6 3. e3 Nf6 4. Nbd2 Bg4 5. c3 a6 6. Qc2 e6 7. Bd3 Bd6 8. O-O
Qd7 9. Re1 Bxf3 10. Nxf3 O-O-O 11. b4 e5 12. Bf5 Qxf5 13. Qxf5+ Kb8 14. dxe5
Ne7 15. Qc2 Bxe5 16. Nxe5 Rhe8 17. Nf3 Nc6 18. Bb2 Rh8 19. a4 Rc8 20. b5 axb5
21. axb5 Ne7 22. Qa4 c6 23. b6 Rc7 24. Qa8# 1-0

[Event "Cto. FACV Ind. Segunda Valencia 2014"]
[Site "Valencia ESP"]
[Date "2014.09.27"]
[Round "1.3"]
[White "Herrero Garcia, Marcos"]
[Black "Ruiz Agraz, Salvador"]
[Result "1/2-1/2"]
[WhiteElo "1634"]
[BlackElo "1411"]
[PlyCount "163"]
[EventDate "2014.09.27"]
[EventType "swiss"]
[EventRounds "7"]
[EventCountry "ESP"]
[Source "lmi"]
[SourceDate "2014.09.27"]

1. d4 d5 2. Nf3 Nf6 3. e3 Bg4 4. Be2 Nbd7 5. h3 Bf5 6. c4 e6 7. Nc3 Nb6 8. c5
Nc8 9. Ne5 Be7 10. Bb5+ Kf8 11. O-O a6 12. Ba4 c6 13. Qe2 Na7 14. Bd2 Nb5 15.
a3 Nd7 16. f4 h5 17. Nf3 Nxc3 18. Bxc3 Nf6 19. Bc2 Bxc2 20. Qxc2 Ne4 21. Ne5
Bh4 22. f5 exf5 23. Rxf5 Bf6 24. Be1 Qc8 25. Rf3 Bxe5 26. dxe5 Qe6 27. Bc3 Ke7
28. Raf1 Rhf8 29. Qb3 Rab8 30. Ba5 g6 31. Qb6 Qxe5 32. Bc3 Nxc3 33. bxc3 f5 34.
Qb4 Qe4 35. Qb6 Kd7 36. Rd1 Qc2 37. Rb1 Qxc3 38. e4 Qd4+ 39. Kh1 Qxe4 40. Qb2
Rf7 41. Rb3 Kc8 42. Qh8+ Kc7 43. Qb2 b5 44. cxb6+ Kb7 45. Rc1 Re7 46. Qc3 d4
47. Qc5 Rc8 48. Rb4 Rd7 49. Ra4 Rd5 50. Qc4 a5 51. Qb3 Qe3 52. Qb2 Rb5 53. Qa1
c5 54. Re1 Qc3 55. Qd1 Qb3 56. Qf3+ Qxf3 57. gxf3 Rc6 58. Rc4 Rb3 59. Kg2 Kxb6
60. Rcc1 Re3 61. Rb1+ Ka7 62. Rxe3 dxe3 63. Kf1 f4 64. Ke2 Rd6 65. Rb5 Rd2+ 66.
Ke1 Rc2 67. Rxa5+ Kb7 68. h4 Kb6 69. Ra4 c4 70. Ra8 Kb7 71. Rf8 Rc1+ 72. Ke2
Rc2+ 73. Ke1 Rf2 74. Rxf4 c3 75. Rb4+ Ka6 76. Rc4 c2 77. f4 c1=Q+ 78. Rxc1 Rxf4
79. Rc6+ Kb5 80. Rxg6 Rxh4 81. Ke2 Rh3 82. Re6 1/2-1/2

[Event "Cto. FACV Ind. Segunda Valencia 2014"]
[Site "Valencia ESP"]
[Date "2014.09.27"]
[Round "1.4"]
[White "Rubio Gallego, Damian"]
[Black "Seguil Sandoval, Pedro"]
[Result "0-1"]
[WhiteElo "1323"]
[BlackElo "1630"]
[PlyCount "71"]
[EventDate "2014.09.27"]
[EventType "swiss"]
[EventRounds "7"]
[EventCountry "ESP"]
[Source "lmi"]
[SourceDate "2014.09.27"]

1. e4 c5 2. Nf3 Nc6 3. Bc4 e6 4. Nc3 a6 5. d4 cxd4 6. Nxd4 Bb4 7. O-O Nge7 8.
Bg5 Ne5 9. Bd3 f6 10. Bf4 Nxd3 11. Qxd3 e5 12. Ne6 dxe6 13. Qxd8+ Kxd8 14.
Rad1+ Ke8 15. Be3 Bd7 16. a3 Bxc3 17. bxc3 Ba4 18. Rd2 Rc8 19. Rfd1 Kf7 20. h3
Rxc3 21. Rc1 Rhc8 22. Rb1 b5 23. Rd6 Bxc2 24. Rb4 Nc6 25. Rb2 Bxe4 26. Rd7+ Kg6
27. a4 b4 28. Rd6 Bd5 29. Bd2 Rc4 30. f3 a5 31. Be3 Nd4 32. g4 Nxf3+ 33. Kf2
Rc2+ 34. Rxc2 Rxc2+ 35. Kg3 Ng5 36. h4 0-1

[Event "Cto. FACV Ind. Segunda Valencia 2014"]
[Site "Valencia ESP"]
[Date "2014.09.27"]
[Round "1.5"]
[White "Saugar Rodriguez, Francisco"]
[Black "Salas Izquierdo, Josep"]
[Result "1-0"]
[WhiteElo "1620"]
[BlackElo "1167"]
[PlyCount "75"]
[EventDate "2014.09.27"]
[EventType "swiss"]
[EventRounds "7"]
[EventCountry "ESP"]
[Source "lmi"]
[SourceDate "2014.09.27"]

1. c4 c5 2. Nc3 Nf6 3. g3 g6 4. Bg2 Bg7 5. d3 d6 6. Nf3 O-O 7. O-O Nc6 8. Bd2
Bd7 9. Qc1 Re8 10. Bh6 Bh8 11. Nd2 Qc8 12. Nde4 Nxe4 13. Nxe4 Bh3 14. Rb1 Bxg2
15. Kxg2 Nd4 16. Qd2 Qc6 17. f3 d5 18. cxd5 Qxd5 19. Nc3 Qc6 20. Rbc1 b6 21.
Ne4 f6 22. b4 g5 23. bxc5 bxc5 24. Rxc5 Qe6 25. g4 Qf7 26. Nxg5 fxg5 27. Rxg5+
Bg7 28. Bxg7 Ne6 29. Bh6+ Nxg5 30. Bxg5 Rac8 31. h4 Rc6 32. h5 Rec8 33. Bh6 Kh8
34. Qb2+ Qf6 35. Qxf6+ Rxf6 36. Be3 a5 37. Bd4 Rc2 38. g5 1-0

[Event "Cto. FACV Ind. Segunda Valencia 2014"]
[Site "Valencia ESP"]
[Date "2014.09.27"]
[Round "1.6"]
[White "Gimenez Moreno, Juan Francisco"]
[Black "Mena Sancho, Angel"]
[Result "1-0"]
[WhiteElo "1583"]
[BlackElo "1612"]
[PlyCount "125"]
[EventDate "2014.09.27"]
[EventType "swiss"]
[EventRounds "7"]
[EventCountry "ESP"]
[Source "lmi"]
[SourceDate "2014.09.27"]

1. e4 e5 2. Nf3 Nc6 3. Bc4 Bc5 4. c3 Nf6 5. d3 h6 6. O-O d6 7. d4 exd4 8. cxd4
Bb6 9. Nc3 O-O 10. h3 Re8 11. Re1 Ba5 12. Bd3 a6 13. a3 Bxc3 14. bxc3 b5 15.
Bc2 Nh7 16. Qd3 Nf8 17. Bf4 Bb7 18. Nh2 Qf6 19. Bd2 Bc8 20. Re3 Bd7 21. Rf3 Qh4
22. Rf4 Qh5 23. Qf3 Qxf3 24. Rxf3 Ng6 25. Rg3 Kh8 26. f4 Rg8 27. f5 Nge7 28.
Bb3 Raf8 29. Rf1 d5 30. exd5 Na5 31. Bc2 Nxd5 32. Ng4 Nc4 33. Bc1 Nd6 34. Ne5
Be8 35. Rgf3 f6 36. Ng6+ Bxg6 37. fxg6 Re8 38. Bb3 c6 39. Bf4 Ne4 40. Bxd5 cxd5
41. Rc1 Re6 42. a4 bxa4 43. Ra1 Rc8 44. Rxa4 f5 45. Be5 Rxg6 46. Rxf5 Rxc3 47.
Ra2 Rxh3 48. Rxa6 Rxa6 49. gxh3 Ra7 50. h4 Kh7 51. h5 g6 52. hxg6+ Kxg6 53. Rf8
h5 54. Kg2 Re7 55. Kh3 Ng5+ 56. Kg2 Ne4 57. Kh3 Rb7 58. Kh4 Ng5 59. Rg8+ Kf5
60. Rxg5+ Ke4 61. Rxh5 Rb1 62. Kg3 Rg1+ 63. Kf2 1-0

[Event "Cto. FACV Ind. Segunda Valencia 2014"]
[Site "Valencia ESP"]
[Date "2014.09.27"]
[Round "1.7"]
[White "Cortes Requena, Asier"]
[Black "Lozano Bernal, Juan Jose"]
[Result "1-0"]
[WhiteElo "1130"]
[BlackElo "1586"]
[PlyCount "65"]
[EventDate "2014.09.27"]
[EventType "swiss"]
[EventRounds "7"]
[EventCountry "ESP"]
[Source "lmi"]
[SourceDate "2014.09.27"]

1. e4 c5 2. Nf3 d6 3. Nc3 a6 4. Bc4 e6 5. d3 Nc6 6. Bf4 h6 7. O-O Qf6 8. Qd2
Bd7 9. Qe3 g5 10. Bg3 O-O-O 11. e5 Qg6 12. exd6 Qf5 13. d4 Bg7 14. dxc5 Nge7
15. dxe7 Nxe7 16. Rad1 Bc6 17. Bd6 Rhe8 18. Bxe7 Rxe7 19. Rxd8+ Kxd8 20. Bd3
Qg4 21. Rd1 Bd4 22. Qxd4+ Qxd4 23. Nxd4 Kc7 24. Nxc6 Kxc6 25. Be4+ Kxc5 26. a3
f5 27. Bf3 b5 28. b4+ Kc4 29. Ne2 e5 30. Rd6 e4 31. Bh5 e3 32. fxe3 Rxe3 33.
Rd4# 1-0

[Event "Cto. FACV Ind. Segunda Valencia 2014"]
[Site "Valencia ESP"]
[Date "2014.10.04"]
[Round "2.1"]
[White "Vivo Ippolito, Jose Vicente"]
[Black "Ochando Casany, Marc"]
[Result "0-1"]
[WhiteElo "1356"]
[BlackElo "1732"]
[PlyCount "66"]
[EventDate "2014.09.27"]
[EventType "swiss"]
[EventRounds "7"]
[EventCountry "ESP"]
[Source "lmi"]
[SourceDate "2014.09.27"]

1. e4 d5 2. exd5 Nf6 3. d4 Nxd5 4. Nc3 Nxc3 5. bxc3 g6 6. Be2 Bg7 7. h3 c5 8.
Nf3 Nc6 9. O-O O-O 10. Be3 Qa5 11. Qd2 Rd8 12. Rfd1 Bf5 13. Qc1 Qxc3 14. Bd3
Nxd4 15. Nxd4 cxd4 16. Bd2 Qc5 17. Qb2 b6 18. Bb4 Qc7 19. Rac1 e5 20. g4 Bxd3
21. cxd3 Qb7 22. Qe2 Rac8 23. Bd2 Qd5 24. Bg5 f6 25. Bh4 g5 26. Bg3 Bf8 27. h4
h6 28. hxg5 hxg5 29. f4 gxf4 30. Bh4 Qe6 31. Rf1 Bh6 32. Qg2 Rxc1 33. Rxc1 f3
0-1

[Event "Cto. FACV Ind. Segunda Valencia 2014"]
[Site "Valencia ESP"]
[Date "2014.10.04"]
[Round "2.2"]
[White "Trigueros Torres, Noel"]
[Black "Navarro Dolz, Francisco Javier"]
[Result "1-0"]
[WhiteElo "1689"]
[BlackElo "1347"]
[PlyCount "33"]
[EventDate "2014.09.27"]
[EventType "swiss"]
[EventRounds "7"]
[EventCountry "ESP"]
[Source "lmi"]
[SourceDate "2014.09.27"]

1. d4 c6 2. c4 e6 3. e4 d5 4. e5 Nd7 5. Nf3 b6 6. Nc3 Bb7 7. Bd3 Ne7 8. Bg5 c5
9. Nb5 Qb8 10. Nd6+ Kd8 11. Nxf7+ Kc8 12. Nxh8 cxd4 13. Rc1 Nxe5 14. cxd5+ Kd8
15. O-O Nxf3+ 16. Qxf3 Bxd5 17. Qxf8+ 1-0

[Event "Cto. FACV Ind. Segunda Valencia 2014"]
[Site "Valencia ESP"]
[Date "2014.10.04"]
[Round "2.3"]
[White "Seguil Sandoval, Pedro"]
[Black "Luque Saiz, Javier"]
[Result "1-0"]
[WhiteElo "1630"]
[BlackElo "1301"]
[PlyCount "69"]
[EventDate "2014.09.27"]
[EventType "swiss"]
[EventRounds "7"]
[EventCountry "ESP"]
[Source "lmi"]
[SourceDate "2014.09.27"]

1. e4 c6 2. Nc3 d5 3. Qf3 e6 4. d4 Bb4 5. Bd3 c5 6. Bb5+ Bd7 7. Bxd7+ Nxd7 8.
exd5 cxd4 9. dxe6 fxe6 10. a3 Qa5 11. axb4 Qxa1 12. Nce2 Qa6 13. Nxd4 O-O-O 14.
Nge2 Ngf6 15. O-O Ne5 16. Qc3+ Kb8 17. Bf4 Qd6 18. Nf3 Ka8 19. Bxe5 Qe7 20. Ra1
Nd5 21. Qd4 b6 22. b5 Nb4 23. Qxb6 Rd1+ 24. Rxd1 axb6 25. Bd6 Rd8 26. Ra1+ Qa7
27. Rxa7+ Kxa7 28. Bxb4 Rd1+ 29. Ne1 Rd5 30. c4 Re5 31. Nd4 Kb7 32. Nd3 Re4 33.
Bc3 e5 34. Nf5 Rxc4 35. Nd6+ 1-0

[Event "Cto. FACV Ind. Segunda Valencia 2014"]
[Site "Valencia ESP"]
[Date "2014.10.04"]
[Round "2.4"]
[White "Fernandez Gonzalez, Francisco"]
[Black "Saugar Rodriguez, Francisco"]
[Result "0-1"]
[WhiteElo "1338"]
[BlackElo "1620"]
[PlyCount "76"]
[EventDate "2014.09.27"]
[EventType "swiss"]
[EventRounds "7"]
[EventCountry "ESP"]
[Source "lmi"]
[SourceDate "2014.09.27"]

1. d4 e6 2. c4 c5 3. Nf3 cxd4 4. Nxd4 Nc6 5. e3 Nf6 6. Nxc6 bxc6 7. g3 Ne4 8.
Bg2 Bb4+ 9. Bd2 Nxd2 10. Nxd2 Ba6 11. b3 Qa5 12. Qc2 Rc8 13. Rd1 d5 14. O-O O-O
15. Nf3 Rfd8 16. Ne5 Bc3 17. f4 Bxe5 18. fxe5 Qc5 19. Rd4 dxc4 20. Rfd1 Rxd4
21. exd4 Qb4 22. Rc1 cxb3 23. Qb2 c5 24. axb3 c4 25. Qc3 Qxb3 26. Qxb3 cxb3 27.
Rb1 Rc3 28. d5 Kf8 29. d6 Bb5 30. Rb2 Rc1+ 31. Bf1 Rxf1+ 32. Kg2 Bc4 33. Rd2
Ke8 34. h4 Rc1 35. Kf3 Rc2 36. Rd1 Kd7 37. Ke3 b2 38. Rb1 Rc1 0-1